000 00424cam a2200145ua 4500
003 OSt
008 230111b |||||||| |||| 00| 0 eng d
041 _aeng
082 _a630.7
_bIND/QU
245 _aQuestion papers for the ninth agricultural research service examination held in 1990
260 _aNew Delhi :
_bIndian Council for Agricultural Research ,
_c1991.
300 _a175 ; .
500 _a19546 Ref
942 _cBK
999 _c7814
_d7814